|
|
|
|
| LEADER |
00000nam0a2200000 4500 |
| 001 |
214505 |
| 005 |
20231031193615.0 |
| 035 |
|
|
|a (RuTPU)RU\TPU\book\234377
|
| 090 |
|
|
|a 214505
|
| 100 |
|
|
|a 20120425d1958 m y0rusy50 ca
|
| 101 |
0 |
|
|a rus
|
| 102 |
|
|
|a RU
|
| 105 |
|
|
|a a z 000zy
|
| 200 |
1 |
|
|a Украшайте жилище
|f Л. Н. Семенова, Т. И. Татаринова
|
| 210 |
|
|
|a Москва
|c Всесоюзное кооперативное изд-во
|d 1958
|
| 215 |
|
|
|a 94 с.
|c ил.
|
| 610 |
1 |
|
|a жилище
|
| 610 |
1 |
|
|a укрепление
|
| 610 |
1 |
|
|a ткани
|
| 610 |
1 |
|
|a ковры
|
| 610 |
1 |
|
|a зеркала
|
| 610 |
1 |
|
|a картины
|
| 610 |
1 |
|
|a книги
|
| 675 |
|
|
|a 643
|v 3
|
| 700 |
|
1 |
|a Семенова
|b Л. Н.
|g Лидия Николаевна
|
| 701 |
|
1 |
|a Татаринова
|b Т. И.
|g Татьяна Ивановна
|
| 801 |
|
1 |
|a RU
|b 63413507
|c 20120425
|
| 801 |
|
2 |
|a RU
|b 63413507
|c 20120601
|g RCR
|
| 942 |
|
|
|c BK
|